Nördlichster Ort in jedem Bundesland - Statistiken

Allgemein
  • Dieses Quiz wurde 30 mal gespielt
  • Das Durchschnittsergebnis liegt bei 3 aus 13
Antwortstatistiken
Bundesland Ort % Korrekt
Niedersachsen Cuxhaven
66%
Schleswig-Holstein List auf Sylt
66%
Hessen Bad Karlshafen
34%
Baden-Württemberg Wertheim
24%
Bayern Fladungen
17%
Mecklenburg-Vorpommern Putgarten
17%
Nordrhein-Westfalen Rahden
17%
Saarland Nonnweiler
14%
Sachsen Dommitzsch
10%
Thüringen Harztor
10%
Brandenburg Uckerland
10%
Rheinland-Pfalz Friesenhagen
7%
Sachsen-Anhalt Aland
3%
Keine übereinstimmenden Quizze gefunden
Verteilung der Resultate
Anzahl Personen mit jedem Resultat
Perzentil nach korrekt beantworteten Fragen
Ihre Resultats-Entwicklung
Sie haben dieses Quiz noch nicht gespielt